Zalečivanije defektov v metallach /
Na minha lista:
| Autor principal: | |
|---|---|
| Formato: | Livro |
| Idioma: | russo |
| Publicado em: |
Kijev :
Naukova dumka,
1980
|
| Assuntos: | |
| Tags: |
Sem tags, seja o primeiro a adicionar uma tag!
|
MARC
| LEADER | 00000nam a22000003a 4500 | ||
|---|---|---|---|
| 001 | stu38553 | ||
| 005 | 20150617225724.8 | ||
| 008 | 921105s1980----xxr-----------------rus-d | ||
| 040 | |a STU |b slo | ||
| 041 | 0 | |a rus | |
| 044 | |a xxr | ||
| 080 | |a 539.2 | ||
| 080 | |a 548.571 | ||
| 080 | |a 669.173 |7 stu_us_auth*stu2973 | ||
| 100 | 1 | |a Larikov, Leonid Nikandrovič |4 aut | |
| 245 | 1 | |a Zalečivanije defektov v metallach / |c [aut.]L.N. Larikov | |
| 260 | |a Kijev : |b Naukova dumka, |c 1980 | ||
| 300 | |a 279 s | ||
| 650 | 7 | |a molekulárne vlastnosti |2 stusub | |
| 996 | |b 284M062368 |c M*6798-1 |l MMKN |s A |a 24 |w stu38553_0001 | ||